| 000 | 00539nam a22001937a 4500 | ||
|---|---|---|---|
| 003 | OSt | ||
| 005 | 20140310182202.0 | ||
| 008 | 130903t xxu||||| |||| 00| 0 eng d | ||
| 020 | _a9718551190 | ||
| 050 |
_aTR 721 _b.Z637 1996 |
||
| 082 |
_aHS 808.83 _bZ71 1996 c.1 |
||
| 100 |
_aDalisay, Jose _916297 |
||
| 245 |
_aThe Island / _cJose Dalisay |
||
| 260 |
_aMetro Manila : _bFoundation, Inc, _cc1996. |
||
| 300 |
_a(unpaged) : _bcol. ill. ; _c29 cm. |
||
| 651 |
_aIsland _x--Journey _916298 |
||
| 942 |
_2lcc _cHS |
||
| 999 |
_c10243 _d10243 |
||